01894nam a2200385 a 450000100060000000300080000600500170001400600190003100700150005000800410006502400100010603500230011603500240013903500250016303500210018804000260020905000210023508000080025608200120026410000500027624503100032626000490063630000110068550001020069652002410079853301640103965000600120365000570126365500270132070000300134770000330137771000190141085600620142999900170149194803FlNmELB20241217172436.0m o d | cr cn|||||||||201201r2012 cu |||||s|||||||||||spa d8 zTesis a(MiAaPQ)EBC3201228 a(Au-PeEL)EBL3201228 a(CaPaEBR)ebr10592181 a(OCoLC)929370228 aFlNmELBbspacFlNmELB 4aLA173bD277 2012 a37804a3782221 aDíaz de Villegas Reguera, Ángela María.10aAlternativa metodológica para contribuir al proceso de análisis de datos asistido por computadora en el proyecto científico técnico ""La formación de valores en los deportistas cubanos de alto rendimiento retos y perspectiva""h[recurso electronico]cÁngela María Díaz de Villegas Reguera. aLa Habana :bEditorial Universitaria,c2012. a144 p. aTesis (doctorado) - Universidad de Ciencias de la Cultura Física y el Deporte "Manuel Fajardo". aElabora una alternativa metodológica para contribuir al proceso de análisis de datos asistido por computadoras que demanda el proyecto científico técnico "La formación de valores en los deportistas cubanos de alto rendimiento. aRecurso electrónico. Santa Fe, Arg.: e-libro, 2015. Disponible vía World Wide Web. El acceso puede estar limitado para las bibliotecas afiliadas a e-libro. 4aEducación.xPolítica y reforma educativa.xGeneral. 4aEducation.xEducational Policy and Reform.xGeneral. 4aLibros electrónicos.1 aMesa Anoceto, Magda.4drt1 aToro Alonso, Mayra Del.4drt2 ae-libro, Corp.40uhttps://elibro.net/ereader/politecnicointernacional/90499 c94803d94803